000 00475nam a22001217a 4500
999 _c66494
_d66491
100 _aMehboob Oad
_aPCE-011/5
_aSupervisor - Prof .Dr BashirAhmed Memon
245 _aExperimental Evaluation of Flexural Properties of RC Beams Made with Coarse Aggregates from Demolished Concrete Under Long Term Loading (Ph.D Thesis)
260 _aQUEST
_bQUEST
_c2019
300 _a273p.
700 _aDepartment of Civil Engineering
856 _uhttps://tinyurl.com/2s34yyue
942 _cTHESIS